000 nam a22 7a 4500
999 _c10791
_d10791
008 180223b ||||| |||| 00| 0 eng d
100 _aDixit,J.B.
_96632
245 _aComprehensive CCE Questions in Mathematics-IX
260 _aBanglore
_bLakshmi